| 000 | 03865nam a2200253 4500 | ||
|---|---|---|---|
| 001 | 216223537 | ||
| 003 | UA-OsUOA | ||
| 005 | 20230307141946.0 | ||
| 008 | 230307b un ||||| |||| 00| 0 ukr d | ||
| 040 |
_aUA-OsUOA _bukr _cUA-OsUOA _dUA-OsUOA |
||
| 041 | _aukr | ||
| 080 | _a343.9 | ||
| 090 | _a343.9 | ||
| 095 |
_a12.00.09 _bкримінальний процес та криміналістика; судова експертиза; оперативно-розшукова діяльність |
||
| 100 | _aКратко Д. М. | ||
| 245 |
_aОсобливості оцінки окремих джерел доказів у кримінальному процесі України _cКратко Дмитро Михайлович ; наук. керівник Топчій Василь Васильович |
||
| 260 |
_aІрпінь _c2021 |
||
| 300 | _a18 с. | ||
| 502 |
_6Автореферат дисертації на здобуття наукового ступеня кандидата юридичних наук
_cУніверситет державної фіскальної служби України _d2021 |
||
| 520 | _aДисертацію присвячено комплексному дослідженню проблем оцінки окремих джерел доказів у кримінальному процесі України. Розкрито стан дослідження проблем оцінки доказів у кримінальному провадженні. Сьогодні існує нагальна потреба вирішення ряду теоретичних і практичних проблем, пов’язаних із з’ясуванням: поняття та значення джерел доказів у кримінальному процесі України; змісту джерел доказів за Кримінальним процесуальним кодексом України; поняття та видів критеріїв оцінки джерел доказів; історії законодавчого регулювання оцінки доказів та їх джерел; сучасного поняття і значення оцінки в теорії доказування; змісту оцінки доказів та їх джерел за кримінальним процесуальним законодавством України; поняття речових доказів та їх оцінки у кримінальному провадженні; порядку оцінки висновку експерта та спеціаліста і документів як самостійних джерел доказів. Визначено, що вимоги, які висуваються до джерел доказів, мають важливі гарантії достовірного встановлення обставин, що підлягають доказуванню, обґрунтування ухвалених рішень. Встановлено, що чітке включення висновку спеціаліста до джерел доказів відкрило б широкі можливості використання спеціальних знань у кримінальному судочинстві, посилило б їх роль у доказуванні у кримінальних провадженнях. Зауважено, що сутність правила про належність доказових відомостей - в обмеженні меж доказування колом істотних для вирішення провадження обставин. | ||
| 650 |
_2UDC _a34 Право. Юриспруденція |
||
| 942 |
_2udc _cAR |
||
| 955 | _a1 | ||
| 999 |
_c573913 _d573913 |
||